[Event "World Rapid 2018"]
[Site "St Petersburg RUS"]
[Date "2018.12.27"]
[Round "7.95"]
[White "Zakhartsov, Vladimir"]
[Black "Kabanov, Nikolai"]
[Result "1-0"]
[WhiteTitle "IM"]
[BlackTitle "GM"]
[WhiteElo "2486"]
[BlackElo "2450"]
[WhiteFideId "4145097"]
[BlackFideId "4127820"]
[EventDate "2018.12.26"]

1. c4 g6 2. Nc3 Bg7 3. g3 c5 4. Bg2 Nc6 5. e3 e5 6. Nge2 Nh6 7. O-O Nf5 8. a3 d6
9. Nd5 a5 10. Rb1 O-O 11. Nec3 Rb8 12. b4 axb4 13. axb4 cxb4 14. Nxb4 Nxb4 15.
Rxb4 Be6 16. d3 Ne7 17. Qb3 Nc6 18. Rxb7 Na5 19. Rxb8 Nxb3 20. Rxd8 Rxd8 21. Ba3
Nc5 22. Rd1 Bg4 23. Rd2 Bf5 24. Nb5 Bf8 25. d4 exd4 26. Nxd4 Ne4 27. Rb2 Ra8 28.
Nxf5 gxf5 29. Bb4 Ra1+ 30. Bf1 Bg7 31. Rc2 Rb1 32. Bd2 Kf8 33. Kg2 Ke7 34. Bc1
Nc5 35. Ba3 Ne4 36. c5 dxc5 37. Bxc5+ Ke6 38. Bc4+ Kf6 39. Bd3 Rd1 40. Bd4+ Kg6
41. Rc6+ f6 42. Bxe4 fxe4 43. Re6 Kf5 44. Re7 1-0

[Event "World Rapid 2018"]
[Site "St Petersburg RUS"]
[Date "2018.12.27"]
[Round "7.96"]
[White "Hakobyan, Aram"]
[Black "Masrahi, Abdulrahman A"]
[Result "1-0"]
[WhiteTitle "GM"]
[BlackTitle "CM"]
[WhiteElo "2545"]
[BlackElo "1903"]
[WhiteFideId "13306677"]
[BlackFideId "21501564"]
[EventDate "2018.12.26"]

1. e4 e5 2. Nf3 Nc6 3. Bb5 a6 4. Ba4 Nf6 5. d3 b5 6. Bb3 Be7 7. a4 Rb8 8. axb5
axb5 9. O-O O-O 10. Nbd2 d6 11. Re1 Be6 12. Bxe6 fxe6 13. c3 Nd7 14. d4 exd4 15.
cxd4 Bf6 16. Nf1 e5 17. d5 Nd4 18. Nxd4 exd4 19. b4 d3 20. Ra2 Bc3 21. Re3 Ne5
22. Rh3 Qf6 23. f4 d2 24. Nxd2 Bd4+ 25. Kh1 Qxf4 26. Nf3 Nd3 27. Bxf4 1-0

[Event "World Rapid 2018"]
[Site "St Petersburg RUS"]
[Date "2018.12.27"]
[Round "7.97"]
[White "Ahmed, Hassan Abdillahi"]
[Black "Rechlis, Gad"]
[Result "0-1"]
[BlackTitle "GM"]
[WhiteElo "1570"]
[BlackElo "2521"]
[WhiteFideId "32500033"]
[BlackFideId "2800047"]
[EventDate "2018.12.26"]

1. d4 Nf6 2. c4 e6 3. Nf3 c5 4. d5 exd5 5. cxd5 d6 6. Nc3 g6 7. Bg5 h6 8. Bh4 g5
9. Bg3 b5 10. e4 b4 11. Bb5+ Bd7 12. Bxd7+ Nbxd7 13. Nb5 Qb6 14. Qa4 a6 15.
Nxd6+ Bxd6 16. e5 O-O 17. O-O Qb5 18. Qxb5 axb5 19. exf6 Ra6 20. Rac1 Rfa8 21.
Bxd6 Rxd6 22. Nd2 Rxd5 23. Ne4 Rxa2 24. Rc2 c4 25. f4 Rd4 26. Re2 c3 27. fxg5
Rxb2 28. Nxc3 bxc3 29. Re8+ Kh7 30. h4 hxg5 31. hxg5 Rg4 32. Rf2 Rxf2 33. Kxf2
c2 34. Re1 Ne5 35. Rh1+ Kg6 36. Ke3 Kxg5 37. Kd2 Rxg2+ 0-1

[Event "World Rapid 2018"]
[Site "St Petersburg RUS"]
[Date "2018.12.27"]
[Round "7.98"]
[White "Guimaraes, Diogo Duarte"]
[Black "Alsulaymi, Abdullah M"]
[Result "1-0"]
[WhiteTitle "FM"]
[WhiteElo "2278"]
[BlackElo "1833"]
[WhiteFideId "2112450"]
[BlackFideId "21511390"]
[EventDate "2018.12.26"]

1. e4 e5 2. Nf3 Nf6 3. Nxe5 d6 4. Nf3 Nxe4 5. Bd3 d5 6. O-O Bc5 7. c4 c6 8. cxd5
cxd5 9. Bxe4 dxe4 10. Qa4+ Nc6 11. Qxe4+ Be6 12. d4 Be7 13. Nc3 Nb4 14. Qxb7 O-O
15. Bf4 Re8 16. Rfd1 Nd5 17. Bg3 h6 18. Rac1 Nxc3 19. bxc3 Bd5 20. Qa6 Bxf3 21.
gxf3 Qd5 22. Kg2 Bg5 23. c4 Qf5 24. Rc3 Re2 25. c5 h5 26. Qxe2 1-0

[Event "World Rapid 2018"]
[Site "St Petersburg RUS"]
[Date "2018.12.27"]
[Round "7.99"]
[White "Perdomo, Carlos Andres"]
[Black "Al Turky, Fahad A"]
[Result "1-0"]
[WhiteTitle "IM"]
[WhiteElo "2301"]
[BlackElo "1836"]
[WhiteFideId "4400852"]
[BlackFideId "21500401"]
[EventDate "2018.12.26"]

1. c4 e5 2. Nc3 Nf6 3. Nf3 Nc6 4. e3 Be7 5. d4 exd4 6. Nxd4 Nxd4 7. Qxd4 O-O 8.
Be2 c6 9. Bf3 Bb4 10. a3 Ba5 11. O-O d6 12. Rd1 Bc7 13. b4 a6 14. Bb2 Bf5 15.
Ne4 Bxe4 16. Bxe4 Re8 17. Bc2 Qe7 18. Qd3 Qe4 19. Qc3 Qh4 20. h3 Rad8 21. Rd4
Qh6 22. Rf4 d5 23. Rf5 Ne4 24. Qd4 Qg6 25. cxd5 f6 26. Bxe4 cxd5 27. Bxd5+ Kh8
28. Qg4 Qh6 29. Rh5 Qg5 30. Rxg5 fxg5 31. Qxg5 1-0

[Event "World Rapid 2018"]
[Site "St Petersburg RUS"]
[Date "2018.12.27"]
[Round "7.100"]
[White "Mamatov, Melis"]
[Black "Danielyan, Vahe"]
[Result "1-0"]
[BlackTitle "FM"]
[WhiteElo "2223"]
[BlackElo "2220"]
[WhiteFideId "13800027"]
[BlackFideId "13304828"]
[EventDate "2018.12.26"]

1. e4 e5 2. Nf3 Nc6 3. Bc4 Bc5 4. c3 Nf6 5. d3 a6 6. O-O Ba7 7. a4 d6 8. Na3 O-O
9. Nc2 Ne7 10. Be3 Ng6 11. Bxa7 Rxa7 12. Ne3 c6 13. Bb3 h6 14. Qc2 Nh5 15. d4
Qf6 16. Rad1 Nhf4 17. dxe5 dxe5 18. Nf5 Bxf5 19. exf5 Ne7 20. Rfe1 Nxf5 21. Nxe5
Raa8 22. g3 Qg5 23. Qd2 Nd5 24. Qxg5 hxg5 25. Bxd5 cxd5 26. Rxd5 Rfe8 27. Red1
f6 28. Nc4 Ne7 29. Rd7 Ng6 30. Rxb7 Rab8 31. Rxb8 Rxb8 32. b4 Rc8 33. Rd4 Rb8
34. h3 Ne7 35. Rd7 Ng6 36. Rc7 Nf8 37. Rc6 Kh7 38. Nd6 Ra8 39. b5 axb5 40. axb5
Nd7 41. b6 Ra1+ 42. Kg2 f5 43. Nxf5 Rb1 44. Rc7 Nxb6 45. Rxg7+ Kh8 46. Rxg5 Nc4
47. Rg4 Ne5 48. Re4 Nd3 49. g4 Rb2 50. Kg3 Nxf2 51. Re7 Nd3 52. Re3 Nc5 53. Kh4
Rf2 54. Kg5 Rb2 55. Re5 Nd3 56. Re8+ Kh7 57. h4 Rb6 58. h5 Nc5 59. Re7+ Kg8 60.
Kh4 Ne6 61. g5 Rc6 62. g6 Rc4+ 63. Nd4 Ng7 64. Rb7 Nf5+ 65. Kg5 Rc5 66. Rb8+ Kg7
67. Ne6# 1-0

[Event "World Rapid 2018"]
[Site "St Petersburg RUS"]
[Date "2018.12.27"]
[Round "7.101"]
[White "Al Thebaiti, Ahmed M"]
[Black "khayat, Abdullah F"]
[Result "1-0"]
[WhiteTitle "CM"]
[WhiteElo "1976"]
[BlackElo "1723"]
[WhiteFideId "21502390"]
[BlackFideId "21500460"]
[EventDate "2018.12.26"]

1. Nf3 Nf6 2. b3 g6 3. Bb2 Bg7 4. e3 d6 5. d4 O-O 6. Nbd2 c5 7. c4 Bg4 8. Be2
Nc6 9. d5 Nb8 10. O-O b5 11. h3 Bd7 12. e4 Re8 13. Re1 Nxe4 14. Bxg7 Nxd2 15.
Bb2 Nxf3+ 16. Bxf3 e5 17. dxe6 Bc6 18. exf7+ Kxf7 19. Bd5+ Bxd5 20. Qxd5+ Kf8
21. Qxa8 Qc7 22. Qf3+ 1-0

[Event "World Rapid 2018"]
[Site "St Petersburg RUS"]
[Date "2018.12.27"]
[Round "8.6"]
[White "Bocharov, Dmitry"]
[Black "Artemiev, Vladislav"]
[Result "0-1"]
[WhiteTitle "GM"]
[BlackTitle "GM"]
[WhiteElo "2533"]
[BlackElo "2709"]
[WhiteFideId "4138716"]
[BlackFideId "24101605"]
[EventDate "2018.12.26"]

1. Nf3 Nf6 2. c4 g6 3. Nc3 d5 4. cxd5 Nxd5 5. h4 Nxc3 6. bxc3 Bg7 7. h5 O-O 8.
hxg6 hxg6 9. Ba3 Re8 10. Qa4 e5 11. e4 Nd7 12. Be2 a6 13. d3 b5 14. Qc2 Nf8 15.
Bc1 Ne6 16. g3 Bb7 17. Be3 c5 18. Rd1 Rc8 19. Qd2 c4 20. Bh6 Bf6 21. dxc4 Qa5
22. O-O Bxe4 23. Qe3 Ba8 24. Nd2 e4 25. cxb5 axb5 26. Nxe4 Bxe4 27. Qxe4 Nd4 28.
Rxd4 Rxe4 29. Rxe4 Bxc3 30. Be3 Bf6 31. a3 Kg7 32. Rb4 Qa8 33. Bd3 Qxa3 0-1

[Event "World Rapid 2018"]
[Site "St Petersburg RUS"]
[Date "2018.12.27"]
[Round "8.13"]
[White "Motylev, Alexander"]
[Black "Alekseenko, Kirill"]
[Result "1/2-1/2"]
[WhiteTitle "GM"]
[BlackTitle "GM"]
[WhiteElo "2644"]
[BlackElo "2638"]
[WhiteFideId "4121830"]
[BlackFideId "4135539"]
[EventDate "2018.12.26"]

1. e4 e5 2. Nf3 Nc6 3. Nc3 Nf6 4. d4 exd4 5. Nxd4 Bb4 6. Nxc6 bxc6 7. Bd3 d5 8.
Bd2 O-O 9. O-O Rb8 10. Re1 Bg4 11. Qc1 Re8 12. h3 Be6 13. a3 Bc5 14. Bg5 h6 15.
Bh4 Be7 16. b4 dxe4 17. Nxe4 Nxe4 18. Bxe7 Qxe7 19. Rxe4 c5 20. Qe1 Qd6 21. Qc3
cxb4 22. axb4 Bd5 23. Rg4 f6 24. Rxa7 Re7 25. Ra1 c6 26. Rd4 Qe5 27. Qc5 Bf7 28.
Qxe5 fxe5 29. Rd6 Rc7 30. Ra5 Re8 31. Be4 Bd5 32. Bxd5+ cxd5 33. Rdxd5 Rxc2 34.
Rxe5 Rb8 35. Rab5 Ra8 36. Rf5 Ra1+ 37. Kh2 Raa2 38. Kg3 Rab2 39. Rb8+ Kh7 40.
Rb7 Rc6 41. Rf4 h5 42. h4 Kh6 43. Rb8 Rc3+ 44. Kh2 Rcc2 45. Rb6+ Kh7 46. Rf5
Rxf2 47. Rxh5+ Kg8 48. Rb8+ Kf7 49. Rb7+ Kf6 50. Rb6+ Kf7 51. Rg5 Rf4 52. h5
Rbxb4 53. Rbg6 Rh4+ 54. Kg3 Rxh5 55. Rxg7+ Kf8 56. R5g6 Rh6 57. Rg5 Rh5 58. Rg8+
Kf7 59. R8g7+ 1/2-1/2

[Event "World Rapid 2018"]
[Site "St Petersburg RUS"]
[Date "2018.12.27"]
[Round "8.14"]
[White "Matlakov, Maxim"]
[Black "Bazeev, German"]
[Result "1/2-1/2"]
[WhiteTitle "GM"]
[WhiteElo "2700"]
[BlackElo "2416"]
[WhiteFideId "4168003"]
[BlackFideId "24119350"]
[EventDate "2018.12.26"]

1. d4 Nf6 2. c4 e6 3. g3 d5 4. Bg2 dxc4 5. Nf3 Bd7 6. Ne5 Bc6 7. Nxc6 Nxc6 8.
O-O Qd7 9. Nc3 Rd8 10. e3 e5 11. Qa4 exd4 12. exd4 Be7 13. Qxc4 Nxd4 14. Bxb7 c6
15. Rd1 Nf3+ 16. Kg2 Nh4+ 17. Qxh4 Qxb7 18. Rxd8+ Bxd8 19. b3 O-O 20. Bb2 c5+
21. Kg1 Qf3 22. Qc4 h5 23. Re1 h4 24. Re3 Qf5 25. Qd3 Qh5 26. Re2 Bc7 27. Ne4
Nxe4 28. Qxe4 Rd8 29. Bc3 h3 30. Re1 Qd5 31. Qxd5 Rxd5 32. Kf1 Rd3 33. Rc1 f5
34. Ke2 Rd5 35. Bd2 Kf7 36. Be3 Bd6 37. Rc4 Be7 38. Ra4 Rd7 39. Ra6 g5 40. Rc6
g4 41. Bxc5 Bxc5 42. Rxc5 Kf6 43. Rc3 Re7+ 44. Re3 Rc7 45. Kd2 f4 46. Rc3 Re7
47. gxf4 Kf5 48. Rc4 Rd7+ 49. Ke2 Re7+ 50. Kd2 Rd7+ 51. Ke2 Re7+ 52. Kf1 Rd7 53.
Ke2 Re7+ 54. Kd2 Rd7+ 55. Ke3 Re7+ 56. Kd2 Rd7+ 57. Ke2 Re7+ 58. Kf1 Rd7 59. Ke2
Re7+ 60. Kf1 Rd7 1/2-1/2

[Event "World Rapid 2018"]
[Site "St Petersburg RUS"]
[Date "2018.12.27"]
[Round "8.17"]
[White "Esipenko, Andrey"]
[Black "Karjakin, Sergey"]
[Result "1/2-1/2"]
[WhiteTitle "GM"]
[BlackTitle "GM"]
[WhiteElo "2593"]
[BlackElo "2753"]
[WhiteFideId "24175439"]
[BlackFideId "14109603"]
[EventDate "2018.12.26"]

1. d4 Nf6 2. Nf3 d5 3. Bf4 c5 4. e3 Nc6 5. Nbd2 e6 6. c3 Bd6 7. Bg3 O-O 8. Bd3
b6 9. Qe2 Bb7 10. Rd1 Re8 11. e4 Be7 12. e5 Nh5 13. h4 cxd4 14. Nxd4 Nxg3 15.
fxg3 Bc5 16. N2f3 f5 17. g4 a5 18. a3 Qc7 19. Nb5 Qd7 20. b4 axb4 21. axb4 Bf8
22. O-O g6 23. h5 Ba6 24. Nbd4 Bxd3 25. Rxd3 Bg7 26. hxg6 hxg6 27. b5 Nxd4 28.
Nxd4 Ra4 29. Rg3 Qf7 30. Qe3 Rc4 31. gxf5 exf5 32. e6 Qf6 33. Qf3 Rxd4 34. cxd4
Qxd4+ 35. Kh1 Rxe6 36. Qa3 Qc4 37. Rgf3 Qxb5 38. Rd1 Qc5 39. Qa8+ Kf7 40. Qxd5
Qxd5 41. Rxd5 Bf8 42. g4 Bc5 43. gxf5 gxf5 44. Rdxf5+ Ke7 45. Kg2 Kd6 1/2-1/2

[Event "World Rapid 2018"]
[Site "St Petersburg RUS"]
[Date "2018.12.27"]
[Round "8.20"]
[White "Khismatullin, Denis"]
[Black "Guseinov, Gadir"]
[Result "0-1"]
[WhiteTitle "GM"]
[BlackTitle "GM"]
[WhiteElo "2621"]
[BlackElo "2664"]
[WhiteFideId "4142578"]
[BlackFideId "13401378"]
[EventDate "2018.12.26"]

1. d4 g6 2. Nf3 Bg7 3. g3 d6 4. Bg2 Nf6 5. O-O O-O 6. c4 Nc6 7. d5 Na5 8. Nfd2
c5 9. Nc3 a6 10. Qc2 b5 11. cxb5 axb5 12. Nxb5 Ba6 13. Nc3 Nd7 14. Re1 Qb6 15.
Rb1 Qb4 16. a3 Qd4 17. e3 Qd3 18. Qa4 Nc4 19. Be4 Nxd2 20. Bxd2 Qxd2 21. Red1
Nb6 22. Qb3 Nc4 23. Rxd2 Nxd2 24. Qc2 Nxb1 25. Nxb1 c4 26. Bf3 Rfb8 27. Nc3 Rb3
28. Nd1 Rab8 29. Be2 Bxb2 30. Bxc4 Bxc4 31. Qxc4 Bf6 32. Kg2 Rxa3 33. e4 h5 34.
Qc2 Rab3 35. h3 h4 36. gxh4 Bxh4 37. Qc4 R3b4 38. Qd3 Rc8 39. Ne3 Rb2 40. Ng4
Bxf2 41. Nxf2 Rcc2 42. Kg3 Rxf2 43. Qc4 Rfc2 44. Qd4 Rb3+ 45. Kh4 Rcc3 0-1

[Event "World Rapid 2018"]
[Site "St Petersburg RUS"]
[Date "2018.12.27"]
[Round "8.21"]
[White "Jakovenko, Dmitry"]
[Black "Predke, Alexandr"]
[Result "0-1"]
[WhiteTitle "GM"]
[BlackTitle "GM"]
[WhiteElo "2735"]
[BlackElo "2622"]
[WhiteFideId "4122356"]
[BlackFideId "24107581"]
[EventDate "2018.12.26"]

1. Nf3 Nf6 2. c4 b6 3. d4 e6 4. a3 Bb7 5. Bf4 Bd6 6. Bg3 Bxg3 7. hxg3 d5 8. cxd5
exd5 9. Nc3 Nbd7 10. e3 a6 11. Bd3 c5 12. dxc5 bxc5 13. O-O O-O 14. b4 Ne4 15.
Rc1 Rc8 16. bxc5 Ndxc5 17. Bb1 Nxc3 18. Rxc3 Qa5 19. Qc2 Ne4 20. Rxc8 Rxc8 21.
Qb2 Qb5 22. Qxb5 axb5 23. Nd4 Ba6 24. Bd3 Rc3 25. Bxb5 Rxa3 26. Rc1 h5 27. Bc6
Nc3 28. Rc2 g6 29. Rb2 Ra1+ 30. Kh2 Bc4 31. Rc2 Ne4 32. f3 Nf6 33. Rc3 Rd1 34.
Bb5 Rxd4 35. exd4 Bxb5 36. Kg1 Bc4 37. Kf2 Ne8 38. Rc1 Nd6 39. Rd1 Kg7 40. Ke3
Nf5+ 41. Kf2 g5 42. Rd2 Kg6 43. Rd1 f6 44. Rd2 Kf7 45. Rd1 Ke7 46. Rd2 Kd6 47.
Rd1 Kc6 48. Rd2 Kb5 49. g4 hxg4 50. fxg4 Nd6 51. Ke3 Bb3 52. Rf2 Ne4 53. Rf1 Kc6
54. Rb1 Ba4 55. Ra1 Bb5 56. Rc1+ Kd6 57. Rb1 Bd7 0-1

[Event "World Rapid 2018"]
[Site "St Petersburg RUS"]
[Date "2018.12.27"]
[Round "8.22"]
[White "Hovhannisyan, Robert"]
[Black "Akopian, Vladimir"]
[Result "1/2-1/2"]
[WhiteTitle "GM"]
[BlackTitle "GM"]
[WhiteElo "2637"]
[BlackElo "2650"]
[WhiteFideId "13302507"]
[BlackFideId "13300032"]
[EventDate "2018.12.26"]

1. e4 e5 2. Nf3 Nc6 3. Bb5 a6 4. Ba4 Nf6 5. O-O Be7 6. Re1 b5 7. Bb3 d6 8. c3
O-O 9. h3 Na5 10. Bc2 c5 11. d4 Qc7 12. d5 Bd7 13. Nbd2 g6 14. Nf1 Nh5 15. b3 c4
16. Bh6 Rfc8 17. b4 Nb7 18. a4 a5 19. Ng3 Nxg3 20. fxg3 axb4 21. cxb4 bxa4 22.
Bxa4 Bxa4 23. Rxa4 Qb6+ 24. Kh2 Qb5 25. Rxa8 Rxa8 26. Qc2 Nd8 27. Bd2 f6 28. Rc1
Rc8 29. Bc3 Ra8 30. Qe2 Nf7 31. Nd2 Rc8 32. Ra1 Bd8 33. Qg4 f5 34. exf5 Nh6 35.
Qf3 Nxf5 36. Ne4 Be7 37. Ra7 Rf8 38. g4 Qb6 39. Rd7 Ne3 40. Qe2 Rf4 41. Rxe7
Rxe4 42. Qa2 Nf1+ 43. Kh1 Ng3+ 44. Kh2 Nf1+ 45. Kh1 Ng3+ 46. Kh2 Rf4 1/2-1/2

[Event "World Rapid 2018"]
[Site "St Petersburg RUS"]
[Date "2018.12.27"]
[Round "8.23"]
[White "Oparin, Grigoriy"]
[Black "Vitiugov, Nikita"]
[Result "1-0"]
[WhiteTitle "GM"]
[BlackTitle "GM"]
[WhiteElo "2613"]
[BlackElo "2719"]
[WhiteFideId "24125890"]
[BlackFideId "4152956"]
[EventDate "2018.12.26"]

1. c4 c6 2. Nf3 d5 3. e3 Nf6 4. Nc3 Nbd7 5. Qc2 e5 6. cxd5 Nxd5 7. Bc4 Nb4 8.
Qb1 Nb6 9. Be2 Bd6 10. Ne4 Bc7 11. a3 N4d5 12. b4 f5 13. Nc5 O-O 14. Bb2 Qe7 15.
Qc2 a5 16. b5 Bd6 17. Rc1 cxb5 18. Bxb5 e4 19. Nd4 Kh8 20. O-O Nf6 21. f4 Nbd5
22. Qc4 Nb6 23. Qc2 Nbd5 24. Rfe1 Ng4 25. h3 Ngf6 26. d3 exd3 27. Nxd3 Bxa3 28.
Bxa3 Qxa3 29. Ne5 Nxe3 30. Qf2 Ned5 31. Bc4 Qc5 32. Red1 Qb6 33. Kh2 Ne4 34. Qh4
Qf6 35. Qh5 Ne3 36. Rd3 Nxc4 37. Rxc4 Be6 38. Nxe6 Qxe6 39. Rc7 Rac8 40. Rxb7
Rb8 41. Ra7 Ra8 42. Rc7 Rac8 43. Re7 Nf6 44. Ng6+ Kg8 45. Rxe6 Nxh5 46. Nxf8
Nxf4 47. Rf3 Nxe6 48. Nxe6 g6 49. Ra3 Rc6 50. Nd8 Ra6 51. Nb7 a4 52. Nc5 Ra5 53.
Nxa4 Kg7 54. Ra2 Kf6 55. Nc3 Rc5 56. Ne2 Rc4 57. Ra6+ Kg5 58. Ng1 Rc7 59. Nf3+
Kh6 60. Nd4 Rf7 61. Kg3 Kg5 62. h4+ Kh5 63. Ne6 Re7 64. Nf4+ Kh6 65. h5 Rg7 66.
Ne6 Rb7 67. hxg6 hxg6 68. Kf4 Rb2 69. Ra3 Kh7 70. Ng5+ Kh6 71. Ne6 Kh7 72. Kg5
Rxg2+ 73. Kf6 Rh2 74. Ra8 1-0

[Event "World Rapid 2018"]
[Site "St Petersburg RUS"]
[Date "2018.12.27"]
[Round "8.24"]
[White "Sakaev, Konstantin"]
[Black "Cheparinov, Ivan"]
[Result "1/2-1/2"]
[WhiteTitle "GM"]
[BlackTitle "GM"]
[WhiteElo "2584"]
[BlackElo "2709"]
[WhiteFideId "4104226"]
[BlackFideId "2905540"]
[EventDate "2018.12.26"]

1. d4 Nf6 2. c4 e6 3. Nf3 d5 4. e3 Be7 5. b3 O-O 6. Bb2 c5 7. dxc5 dxc4 8. Bxc4
Qxd1+ 9. Kxd1 Bxc5 10. Ke2 b6 11. Nbd2 Bb7 12. Rac1 Nbd7 13. Rhd1 Rfd8 14. g3
Rac8 15. Bd3 h6 16. a3 Kf8 17. b4 Be7 18. Nc4 Nb8 19. Nd4 Nc6 20. f3 Nxd4+ 21.
Bxd4 Ne8 22. Ne5 Nd6 23. Bb2 Ke8 24. e4 Bg5 25. f4 Be7 26. Ke3 f6 27. Ng6 Nc4+
28. Bxc4 Rxd1 29. Bb5+ Rd7 30. Rxc8+ 1/2-1/2

[Event "World Rapid 2018"]
[Site "St Petersburg RUS"]
[Date "2018.12.27"]
[Round "8.26"]
[White "Khanin, Semen"]
[Black "Riazantsev, Alexander"]
[Result "1-0"]
[WhiteTitle "IM"]
[BlackTitle "GM"]
[WhiteElo "2514"]
[BlackElo "2649"]
[WhiteFideId "4111990"]
[BlackFideId "4125029"]
[EventDate "2018.12.26"]

1. e4 c6 2. d4 d5 3. Nd2 dxe4 4. Nxe4 Bf5 5. Ng3 Bg6 6. h4 h6 7. Nf3 Nd7 8. h5
Bh7 9. Bd3 Bxd3 10. Qxd3 e6 11. Bd2 Bd6 12. Ne4 Bc7 13. O-O-O Ngf6 14. Kb1 Nxe4
15. Qxe4 Nf6 16. Qe2 Qd5 17. c4 Qe4+ 18. Qxe4 Nxe4 19. Be3 f5 20. Nd2 Nf6 21. f3
Kf7 22. Nb3 Rhd8 23. Nc5 b5 24. b3 bxc4 25. bxc4 e5 26. Kc2 exd4 27. Bxd4 Bb6
28. Bxf6 Kxf6 29. Nd7+ Kg5 30. g3 Bc7 31. f4+ Bxf4 32. gxf4+ Kxf4 33. Rhf1+ Kg4
34. Rg1+ Kf4 35. Rxg7 Rg8 36. Rf1+ Ke3 37. Re7+ 1-0

[Event "World Rapid 2018"]
[Site "St Petersburg RUS"]
[Date "2018.12.27"]
[Round "8.27"]
[White "Petrosian, Tigran L."]
[Black "Goganov, Aleksey"]
[Result "0-1"]
[WhiteTitle "GM"]
[BlackTitle "GM"]
[WhiteElo "2598"]
[BlackElo "2612"]
[WhiteFideId "13301616"]
[BlackFideId "24109959"]
[EventDate "2018.12.26"]

1. Nf3 d5 2. g3 c6 3. Bg2 Bg4 4. h3 Bxf3 5. Bxf3 e5 6. c4 Nf6 7. cxd5 cxd5 8.
O-O Nc6 9. d3 Be7 10. Nc3 O-O 11. Bg5 d4 12. Bxf6 Bxf6 13. Ne4 Be7 14. Qb3 Qd7
15. Bg4 Qc7 16. Rfc1 Qb6 17. Qxb6 axb6 18. Bd7 f5 19. Nd2 Bg5 20. Rd1 Bxd2 21.
Rxd2 Rf6 22. Rc2 Rd8 23. Bxc6 Rxc6 24. Rxc6 bxc6 25. a4 Kf7 26. Kg2 Ke6 27. a5
bxa5 28. Rxa5 Rb8 29. Rc5 Kd6 30. Rc2 e4 31. g4 exd3 32. exd3 fxg4 33. hxg4 Rb3
34. Rd2 Kd5 35. Kf3 c5 36. Kf4 Rb7 37. Kg5 c4 38. dxc4+ Kxc4 39. f4 d3 40. f5
Kd4 41. Kf4 h6 42. Rh2 Re7 43. f6 gxf6 44. b4 Re2 45. Rh1 d2 0-1

[Event "World Rapid 2018"]
[Site "St Petersburg RUS"]
[Date "2018.12.27"]
[Round "8.28"]
[White "Sargissian, Gabriel"]
[Black "Khusnutdinov, Rustam"]
[Result "1/2-1/2"]
[WhiteTitle "GM"]
[BlackTitle "GM"]
[WhiteElo "2689"]
[BlackElo "2470"]
[WhiteFideId "13300881"]
[BlackFideId "13701703"]
[EventDate "2018.12.26"]

1. d4 Nf6 2. Nf3 d5 3. c4 e6 4. g3 dxc4 5. Bg2 Bd7 6. Ne5 Bc6 7. Nxc6 Nxc6 8.
O-O Qd7 9. e3 Rd8 10. Qe2 e5 11. Qxc4 exd4 12. Rd1 Bd6 13. exd4 O-O 14. Nc3 h6
15. Qb5 Rb8 16. d5 Ne5 17. Qxd7 Nfxd7 18. Ne4 Nc5 19. Nxd6 cxd6 20. Be3 Rbc8 21.
Bd4 a5 22. Bxe5 dxe5 23. d6 Rfd8 24. Rd5 b6 25. Rad1 Nd7 26. Bh3 Rc6 27. R5d2 g6
28. Bf1 Rc5 29. a4 f5 30. Bb5 Kf7 31. b3 Ke6 32. Bc4+ Kf6 33. f3 h5 34. h4 Re8
35. Kf2 Rh8 36. Bb5 Rh7 37. Bc4 Rh8 38. Bb5 Ke6 39. Bc4+ Kf6 1/2-1/2

[Event "World Rapid 2018"]
[Site "St Petersburg RUS"]
[Date "2018.12.27"]
[Round "8.29"]
[White "Bosiocic, Marin"]
[Black "Fedoseev, Vladimir3"]
[Result "1/2-1/2"]
[WhiteTitle "GM"]
[BlackTitle "GM"]
[WhiteElo "2599"]
[BlackElo "2719"]
[WhiteFideId "14507927"]
[BlackFideId "24130737"]
[EventDate "2018.12.26"]

1. d4 Nf6 2. c4 e6 3. Nf3 b6 4. g3 Ba6 5. b3 Be7 6. Bg2 O-O 7. O-O d5 8. Nbd2
Bb7 9. Ne5 Nbd7 10. Nxd7 Qxd7 11. Bb2 a5 12. Nf3 Bd6 13. Ne5 Qe7 14. Nd3 c6 15.
Rc1 a4 16. bxa4 Ba6 17. c5 bxc5 18. dxc5 Bc7 19. Ne5 Qe8 20. Qc2 Kh8 21. Rfe1
Ng8 22. e4 f6 23. exd5 fxe5 24. d6 Ba5 25. Rxe5 Nf6 26. Bh3 Bc8 27. Rd1 Bd7 28.
Rd4 Qf7 29. Rh4 Kg8 30. Bf1 h6 31. Rf4 Rab8 32. Bc4 Kh8 33. g4 Qg8 34. g5 hxg5
35. Rxg5 Qh7 36. Qxh7+ Kxh7 37. Bd3+ Kh8 38. Rh4+ Kg8 39. Bh7+ Kf7 40. Bg6+ Kg8
41. Bh7+ Kf7 42. Bg6+ Kg8 43. Bh7+ 1/2-1/2

[Event "World Rapid 2018"]
[Site "St Petersburg RUS"]
[Date "2018.12.27"]
[Round "8.30"]
[White "Yuffa, Daniil"]
[Black "Tomashevsky, Evgeny"]
[Result "1-0"]
[WhiteTitle "GM"]
[BlackTitle "GM"]
[WhiteElo "2572"]
[BlackElo "2705"]
[WhiteFideId "24131423"]
[BlackFideId "4147235"]
[EventDate "2018.12.26"]

1. d4 Nf6 2. c4 e6 3. g3 Bb4+ 4. Bd2 Be7 5. Bg2 d5 6. Nf3 O-O 7. O-O Nbd7 8. Nc3
dxc4 9. e4 b5 10. e5 Nd5 11. Nxb5 N7b6 12. h4 Bb7 13. Rc1 Qd7 14. Na3 Bxa3 15.
bxa3 Ne7 16. Bb4 h6 17. Qc2 Rfd8 18. Rfd1 Bd5 19. Bc5 Rab8 20. Nd2 Nf5 21. Ne4
Na4 22. Bb4 a5 23. Nc5 Nxc5 24. Bxc5 Bxg2 25. Kxg2 Qd5+ 26. Kg1 Qf3 27. Qc3 Qg4
28. Kh2 Rd5 29. Qxc4 g5 30. hxg5 hxg5 31. Rb1 Rbd8 32. Qf1 Kg7 33. Kg1 Nh4 34.
Be7 Nf3+ 35. Kg2 Nh4+ 36. Kg1 Nf3+ 37. Kg2 Qe4 38. Bf6+ Kg6 39. Bxd8 Rxd8 40.
Rb3 Rh8 41. Rxf3 g4 42. Rd3 Rh5 43. Qd1 Rf5 44. Re3 gxf3+ 45. Kg1 Qg4 46. Qd3
Kg7 47. Qe4 Qh5 48. Qh4 Qg6 49. Re4 Rg5 50. Qf4 Qh5 51. Qf6+ Kg8 52. Rf4 Rg7 53.
Qd8+ Kh7 54. Rh4 1-0

[Event "World Rapid 2018"]
[Site "St Petersburg RUS"]
[Date "2018.12.27"]
[Round "8.32"]
[White "Jobava, Baadur"]
[Black "Demidov, Mikhail"]
[Result "1/2-1/2"]
[WhiteTitle "GM"]
[BlackTitle "IM"]
[WhiteElo "2627"]
[BlackElo "2520"]
[WhiteFideId "13601520"]
[BlackFideId "4197143"]
[EventDate "2018.12.26"]

1. b3 Nf6 2. Bb2 g6 3. c4 Bg7 4. g3 O-O 5. Bg2 Nc6 6. Nf3 d6 7. d4 e5 8. dxe5
Ng4 9. Nc3 Ngxe5 10. Nxe5 Nxe5 11. Qd2 Rb8 12. Rd1 b6 13. O-O Bb7 14. Bxb7 Rxb7
15. Nd5 Nd7 16. Bxg7 Kxg7 17. Qc3+ f6 18. h4 a5 19. h5 Qe8 20. Kg2 Qe4+ 21. Qf3
Qxf3+ 22. exf3 Ne5 23. Rfe1 Ra7 24. a4 Kf7 25. f4 Nc6 26. hxg6+ hxg6 27. Rh1 Rg8
28. Rde1 Rb7 29. Rh7+ Rg7 30. Rh8 Rg8 31. Rxg8 Kxg8 32. Nxf6+ Kf8 33. Re4 Nb4
34. Kf3 c6 35. Re6 d5 36. cxd5 cxd5 37. Rxb6 Rxb6 38. Nd7+ Ke7 39. Nxb6 Kd8 40.
Kg4 Kc7 41. Nxd5+ Nxd5 42. Kg5 Ne7 43. Kf6 Kd6 44. Kf7 Kd7 45. g4 Nd5 46. Kxg6
Nxf4+ 47. Kf6 Ke8 48. f3 Nd3 49. Ke6 Nc5+ 50. Kd5 Nxb3 51. f4 Kf7 52. Kc4 Nc1
53. f5 Kf6 54. Kc5 Nb3+ 55. Kd5 Nd2 1/2-1/2